<?xml version="1.0" encoding="UTF-8"?>
<collection xmlns:xsi="http://www.w3.org/2001/XMLSchema-instance" xsi:schemaLocation="http://www.loc.gov/MARC21/slim http://www.loc.gov/standards/marcxml/schema/MARC21slim.xsd" xmlns="http://www.loc.gov/MARC21/slim">
 <record>
  <leader>00000cam a22000004a 4500</leader>
  <controlfield tag="001">UP-8027390931312156418</controlfield>
  <controlfield tag="003">Buklod</controlfield>
  <controlfield tag="005">20070925093247.0</controlfield>
  <controlfield tag="006">o--- |     ||   ||</controlfield>
  <controlfield tag="007">ta</controlfield>
  <controlfield tag="008">070925s1991    xx     d     r    |||| u|</controlfield>
  <datafield tag="035" ind1=" " ind2=" ">
   <subfield code="a">(iLib)UPCEB-00000001434</subfield>
  </datafield>
  <datafield tag="041" ind1=" " ind2=" ">
   <subfield code="a">eng</subfield>
  </datafield>
  <datafield tag="050" ind1=" " ind2="4">
   <subfield code="a">D20</subfield>
   <subfield code="b">T54 1991</subfield>
  </datafield>
  <datafield tag="090" ind1=" " ind2=" ">
   <subfield code="a">D 20</subfield>
   <subfield code="b">T54 1991</subfield>
  </datafield>
  <datafield tag="110" ind1="1" ind2=" ">
   <subfield code="a">Time-Life Books.</subfield>
  </datafield>
  <datafield tag="245" ind1="1" ind2="0">
   <subfield code="a">History of the world.</subfield>
  </datafield>
  <datafield tag="264" ind1=" " ind2="1">
   <subfield code="a">Amsterdam</subfield>
   <subfield code="b">Time-Life Books</subfield>
   <subfield code="c">1991.</subfield>
  </datafield>
  <datafield tag="300" ind1=" " ind2=" ">
   <subfield code="a">[21] v.</subfield>
   <subfield code="b">ill.</subfield>
  </datafield>
  <datafield tag="505" ind1="0" ind2=" ">
   <subfield code="a">[v.1]. The human dawn -- [v.2]. The age of god-kings : 3000-1500BC -- [v.3]. Barbarian tides : 1500-600 BC -- [v.4]. A soaring spirit : 600-400 BC -- [v.5]. Empires ascendant : 400 BC-AD 200 -- [v.6]. Empires besieged : AD 200-600 -- [v.7]. The march of Islam : AD 600-800 -- [v.8]. Fury of the northmen : AD 800-1000 -- [v.9]. Light in the east : AD 1000-1100 -- [v.10]. The divine campaigns : AD 1100-1200 -- [v.11].The Mongol conquests : AD 1200-1300 -- [v.12]. The age of calamity : AD 1300-1400 -- [v.13]. Voyages of discovery : AD 1400-1500 -- [v.14]. The European emergence : AD 1500-1600 -- [v.15]. Powers of the crown : AD 1600-1700 -- [v.16]. Winds of revolution : AD 1700-1800 -- [v.17]. The pulse of enterprise : AD 1800-1850 -- [v.18]. The colonial overlords : AD 1850-1900 -- [v.19]. The world in arms : AD 1900-1925 -- [v.20]. Shadow of the dictators : AD 1925-1950 -- [v.21]. The nuclear age : AD 1950-1990.</subfield>
  </datafield>
  <datafield tag="650" ind1=" " ind2="0">
   <subfield code="a">World history.</subfield>
  </datafield>
  <datafield tag="905" ind1=" " ind2=" ">
   <subfield code="a">FO</subfield>
  </datafield>
  <datafield tag="852" ind1="0" ind2=" ">
   <subfield code="a">UPCEB</subfield>
   <subfield code="b">CEBU-LAHUG</subfield>
   <subfield code="h">D20 T54 1991</subfield>
  </datafield>
  <datafield tag="852" ind1="0" ind2=" ">
   <subfield code="a">UPCEB</subfield>
   <subfield code="b">CEBU-LAHUG</subfield>
   <subfield code="h">D 20 T54 1991</subfield>
  </datafield>
  <datafield tag="942" ind1=" " ind2=" ">
   <subfield code="a">Book</subfield>
  </datafield>
 </record>
</collection>
